000 00683nam a2200217 i 4500
001 139748
003 ES-MaACL
005 20240411091845.0
007 t|
008 070214s1974 mx af |||| | spa d
100 1 _aSchneider, Daniel E.
_9104551
245 1 3 _aEl psicoanalista y el artista /
_cDaniel E. Schneider ; traducción de Jas Reuter.
250 _a1ª ed.
260 _aMéxico :
_bFondo de Cultura Económica,
_c1974.
300 _a376 p., 6 lám. :
_bil. ;
_c17 cm.
650 4 _aPsicoanálisis y arte.
_9160336
650 0 7 _aPsicoanálisis y literatura
_2embne
_916535
700 1 _aReuter, Jas.
_996381
852 _aES-MaACL
_jE-6780
999 _c139748
_d139748